Statistiques concernant Quiz sur la Loire-Atlantique

Cliquez ici pour prendre le quiz!

Statistiques générales

  • Ce quiz a été pris 6 517 fois
  • Le résultat moyen est 13 sur 20

Statistiques - réponses

QuestionRéponse% Correct
Préfecture et plus grande villeNantes
98%
Numéro du département44
96%
Région dont la Loire-Atlantique est historiquement et culturellement procheBretagne
95%
Région dans laquelle il se situePays de la Loire
91%
Sous-préfecture et capitale française de la construction navaleSaint-Nazaire
89%
Étendue d'eau qui borde le département à l'ouestOcéan Atlantique
87%
Fleur indissociable du mois de mai dont 80% de la production
européenne se concentre dans le département
Muguet
77%
Deux biscuiteries originaires de la préfecture et connues nationalement (citez-en une)BN / LU
74%
Animal auquel est souvent associé l'équipe de football de cette villeCanari
74%
Commune connue pour son sel « Label Rouge »Guérande
70%
Festival de metal tenu chaque année dans la commune de ClissonHellfest
65%
Reine de France dont le cœur est conservé en Loire-AtlantiqueAnne de Bretagne
58%
Commune qui n'accueille pas d'aéroport dû à la ZAD mise en place sur les lieuxNotre-Dame des Landes
56%
Ce que sont le Symphony of the Seas et le Wonder of the Seas, construits là-basPaquebots
48%
Écrivain de science-fiction, deuxième auteur le plus traduit en langue étrangèreJules Verne
47%
Station balnéaire de la Côte de Jade connue pour son château
et son vieux port à l'embouchure du canal de Haute-Perche
Pornic
46%
La Loire-Atlantique est le département avec l'_____ maximale la plus faibleAltitude
43%
Région historique au sud de l'estuaire de la Loire dans laquelle elle se situePays de {Retz}
32%
Ancien nom de la Loire-Atlantique, jusqu'en 1957Loire-Inférieure
31%
Seule autre sous-préfectureChâteaubriant
28%

Distribution des résultats

Percentile par nombre de réponses

% des personnes avec chaque résultat

Votre développement - résultats

Vous n’avez pas pris ce quiz